000 00295 a2200145 4500
001 168911
020 _a
040 _cMagnum
100 _aGrisolli, Paulo Afonso
240 1 0 _aUm leao em perigo
_lpor
245 1 0 _aUm leao em perigo
362 0 _a1899
697 _aIJ/FICCAO
942 _cBK
999 _c168911
_d168911